| 000 | 00964nam a2200301Ia 4500 | ||
|---|---|---|---|
| 001 | Z_1051 | ||
| 003 | CHAP | ||
| 008 | 220113s1991 xx 000 0 und d | ||
| 010 | _a164131 | ||
| 040 | _cCHAP | ||
| 090 | _aTesis Z 714 | ||
| 100 |
_aZenteno Cruz, Isidro Osvaldo _9123904 |
||
| 245 |
_aFertilización del pasto Rhodes chloris gayama Kunt para la producción de forraje y semilla / _cpor Isidro Osvaldo Zenteno Cruz y Fernando Collazo Sánchez |
||
| 260 |
_aChapingo, Méx. : _bEl autor, _c1991 |
||
| 300 | _a111 h. | ||
| 502 | _aTesis (Ing. Agr. Esp. en Zootecnia) -- UACH. Departamento de Zootecnia | ||
| 650 |
_aFertilzantes para pastos _9138212 |
||
| 650 | 7 |
_aPastos forrajeros _xRendimiento _2 _986118 |
|
| 650 |
_aPastos _xSemilla _986077 |
||
| 650 |
_aZacate Rhodes _9123398 |
||
| 700 |
_aI. Collazo Sánchez, Fernando _9138213 |
||
| 901 | _aTESIS Z 714 | ||
| 902 | _aM | ||
| 910 | _a1991 | ||
| 942 | _c2 | ||
| 942 | _c2 | ||
| 999 |
_c164131 _d164131 |
||